| 000 | 01480cam a2200265 4500 | ||
|---|---|---|---|
| 001 | ABS64731 | ||
| 008 | 011024n2001 000 0 eng u | ||
| 035 | _a(Sirsi) u115291 | ||
| 100 | _aDear, B | ||
| 245 | _aNet the benefits | ||
| 260 | _c2001 | ||
| 490 |
_aProperty Week _v66(38) 21 September 2001, 94(1) |
||
| 520 | _aDiscusses the advantages of electronic conveyancing over the existing paper system. Benefits include the elimination of delays between exchange and completion, the ability to quickly identify and remedy errors or issues, and the way that involvement of all parties in tracking the progress of the transaction online. Looks at online searches via the Land Registry Direct system and the one-stop-shop service offered by the National Land Information Service. Explains how the Electronic Communications Act and the Land Registration Bill will make e-conveyancing a reality by enabling electronic signatures and providing a secure environment. Raises the issue of stamp duty in an electronic system, and concludes that e-conveyancing could make property a more appealing asset. | ||
| 590 | _aABS | ||
| 650 | _aECONVEYANCING | ||
| 650 | _aECONVEYANCING | ||
| 650 | _aPROPERTY TRANSACTIONS | ||
| 650 | _aLAND REGISTRATION BILL | ||
| 650 | _aELECTRONIC COMMUNICATIONS ACT 2000 | ||
| 650 | _aSTAMP DUTY | ||
| 650 | _aNATIONAL LAND INFORMATION SERVICE | ||
| 650 | _aE-SIGNATURES | ||
| 690 | _aPROPERTY AND LAND LAW-CONVEYANCING | ||
| 942 | _n0 | ||
| 999 |
_c68665 _d68665 |
||